00445nam a22001337a 4500008004100000020001800041082001400059100001800073245012300091260004900214300001000263504002700273650001100300240527b |||||||| |||| 00| 0 eng d a9780521678773 a580/C897p aCullen, James aPractical plant identification:bincluding a key to native and cultivated flowering plants in North temperate regions. aNewyork:bCambridge University Press,c2006. a357p. aBibliography:p.262-268 aPlants